NAJCZĘŚCIEJ GRILLOWANE WARZYWA - Statystyki

Ogólne statystyki
  • Ten quiz został rozwiązany 79 razy
  • Średni wynik to 4 z 6
Statystyki odpowiedzi
Odpowiedź % Poprawnych
PAPRYKA
96%
CUKINIA
85%
CEBULA
79%
BAKŁAŻAN
63%
ZIEMNIAKI
46%
SZPARAGI
7%
Nie znaleziono quizów pasujących do podanych kryteriów
Rozkład punktacji
Procent ludzi z każdym wynikiem
Percentyl według liczby udzielonych odpowiedzi
Twoja historia wyników
Nie rozwiązałeś tego quizu